Naming Every Rapper 2025 - Statistics

General Stats
  • This quiz has been taken 88 times
    86 since last reset
  • The average score is 42 of 139
Answer Stats
Hint Rapper % Correct
19 Drake
91%
4 Kendrick Lamar
90%
1 Kanye West
81%
5 Eminem
78%
7 Lil Wayne
78%
27 Playboi Carti
76%
17 Travis Scott
76%
28 Ty Dolla Sign
76%
89 Lil Baby
74%
8 Jay Z
71%
15 Tupac Shakur
71%
23 Future
69%
38 Lil Uzi Vert
67%
20 Nicki Minaj
67%
43 Cardi B
64%
14 Snoop Dogg
64%
9 The Notorious B.I.G.
64%
32 21 Savage
62%
118 Lil Nas X
62%
16 50 Cent
60%
25 Juice WRLD
60%
18 J.Cole
59%
22 XXXTentacion
59%
62 DaBaby
57%
21 Asap Rocky
55%
11 Ice Cube
55%
10 Tyler The Creator
55%
13 Dr Dre
53%
81 Lil Yachty
50%
2 Nas
50%
70 Offset
50%
24 Young Thug
48%
95 Lil Durk
47%
57 Quavo
47%
54 Don Toliver
43%
135 Lil Tecca
41%
58 Megan Thee Stallion
41%
87 Pop Smoke
41%
6 Andre 3000
40%
83 Gunna
40%
104 Lil Pump
40%
109 Diddy
36%
100 Ice Spice
36%
65 King Von
36%
134 Kodak Black
36%
31 Post Malone
36%
41 Rick Ross
36%
47 Roddy Ricch
36%
90 Central Cee
34%
44 Chance The Rapper
34%
46 Doja Cat
34%
69 NBA Youngboy
34%
110 6ix9ine
31%
12 Eazy E
31%
29 Kid Cudi
31%
45 Mac Miller
31%
33 2 Chainz
29%
71 Chief Keef
29%
85 Glorilla
29%
42 Logic
29%
107 NLE Choppa
29%
68 Trippie Redd
29%
91 Lil Mosey
28%
53 Asap Ferg
26%
73 Ludacris
26%
3 Mf Doom
26%
106 Polo G
26%
35 Pusha T
26%
26 Busta Rhymes
24%
64 Doechii
24%
66 Gucci Mane
24%
74 Jack Harlow
24%
59 JID
22%
51 T.I
22%
130 Baby Keem
21%
92 Blueface
21%
55 Denzel Curry
21%
96 Lauryn Hill
21%
80 Rakim
21%
103 The Game
21%
34 Childish Gambino
19%
39 LL Cool J
19%
49 Macklemore
19%
63 Missy Elliot
19%
36 Pharrell Williams
19%
50 DMX
17%
75 Sheck Wes
17%
37 Big Sean
16%
136 Earl Sweatshirt
16%
101 Ian
16%
115 Machine Gun Kelly
16%
52 Meek Mill
16%
133 Method Man
16%
129 Ski Mask The Slump God
16%
114 YNW Melly
16%
30 Bad Bunny
14%
98 Coolio
14%
102 Ja Rule
14%
61 Joey Badass
14%
84 JPEGMafia
14%
94 Lil xan
14%
60 Mos Def
14%
122 NF
14%
86 Sexy Redd
14%
125 Will Smith
14%
56 Common
12%
137 Cordae
12%
128 Nipsey Hussle
12%
72 Pitbull
12%
40 Schoolboy Q
12%
139 Tory Lanez
12%
79 Westside Gun
12%
124 will.i.am
12%
97 Fetty Wap
10%
123 Iggy Azalea
10%
105 Lil Mabu
10%
76 Lupe Fiasco
10%
117 MC Hammer
10%
93 Soulja Boy
10%
82 Vince Staples
10%
132 Danny Brown
9%
126 Dave Blunts
9%
48 Killer Mike
9%
108 Ab-Soul
7%
116 French Montana
7%
119 KSI
7%
113 Slick Rick
7%
111 Timbaland
7%
112 Tom Mcdonald
7%
67 Twista
7%
121 Big Daddy Kane
5%
77 Consequence
5%
127 Joyner Lucas
3%
131 Nick Cannon
3%
78 Tech N9ne
3%
120 Anderson Pakk
2%
88 Cash Cobain
2%
99 Island Boys
2%
138 Joe Fox
2%
No matching quizzes found
Score Distribution
Percent of People with Each Score
Percentile by Number Answered
Your Score History
You have not taken this quiz since the last reset